Unia Europejska - Statystyki

Ogólne statystyki
  • Ten quiz został rozwiązany 64 razy
  • Średni wynik to 25 z 27
Statystyki odpowiedzi
Odpowiedź % Poprawnych
Czechy
100%
Polska
100%
Słowacja
100%
Szwecja
100%
Finlandia
97%
Hiszpania
97%
Niemcy
97%
Portugalia
97%
Chorwacja
94%
Estonia
94%
Francja
94%
Holandia
94%
Litwa
94%
Rumunia
94%
Słowenia
94%
Węgry
94%
Belgia
92%
Dania
92%
Łotwa
92%
Austria
89%
Bułgaria
89%
Grecja
86%
Irlandia
86%
Włochy
86%
Luksemburg
83%
Malta
81%
Cypr
75%
Nie znaleziono quizów pasujących do podanych kryteriów
Rozkład punktacji
Procent ludzi z każdym wynikiem
Percentyl według liczby udzielonych odpowiedzi
Twoja historia wyników
Nie rozwiązałeś tego quizu